Konstitusión politikaj tyi estarus unirus mejikanus = Constitución Política de los Estados Unidos Mexicanos en Ch'ol de Tabasco / (Record no. 112495)
[ view plain ]
| 000 -CABECERA | |
|---|---|
| campo de control de longitud fija | 01392nam a2200337 a 4500 |
| 001 - NÚMERO DE CONTROL | |
| campo de control | 000116034 |
| 003 - IDENTIFICADOR DEL NÚMERO DE CONTROL | |
| campo de control | CHAP |
| 005 - FECHA Y HORA DE LA ÚLTIMA TRANSACCIÓN | |
| campo de control | 20220329144558.0 |
| 008 - DATOS DE LONGITUD FIJA--INFORMACIÓN GENERAL | |
| campo de control de longitud fija | 190830s2012 mx |r| ||||||spa d |
| 010 ## - NÚMERO DE CONTROL DE LA BIBLIOTECA DEL CONGRESO | |
| Número de control de LC | 112495 |
| 011 ## - ENLACE DEL NUMERO DE CONTROL DE LA BIBLIOTECA DEL CONGRESO [OBSOLETO] | |
| Número de control de LC | 113467 |
| 020 ## - NÚMERO INTERNACIONAL ESTÁNDAR DEL LIBRO | |
| Número Internacional Estándar del Libro | 9786077538677 |
| 040 ## - FUENTE DE LA CATALOGACIÓN | |
| Centro/agencia transcriptor | CHAP |
| 082 04 - NÚMERO DE LA CLASIFICACIÓN DECIMAL DEWEY | |
| Número de clasificación | 342.72 |
| Número de documento/Ítem | M99 v.14 |
| 110 1# - ENTRADA PRINCIPAL--NOMBRE DE ENTIDAD CORPORATIVA | |
| Nombre de entidad corporativa o nombre de jurisdicción como elemento de entrada | México. Constitución, |
| Fecha del congreso/reunión o de la firma de un tratado | 1917 |
| 9 (RLIN) | 76889 |
| 245 10 - MENCIÓN DE TÍTULO | |
| Título | Konstitusión politikaj tyi estarus unirus mejikanus = Constitución Política de los Estados Unidos Mexicanos en Ch'ol de Tabasco / |
| Mención de responsabilidad, etc. | coordinado por Pérez Luciano Pedro, Nalyndesirette Chablé Gerónimo y Ulises Contreras Castillo. |
| 260 ## - PUBLICACIÓN, DISTRIBUCIÓN, ETC. | |
| Lugar de publicación, distribución, etc. | México, D.F. : |
| Nombre del editor, distribuidor, etc. | INALI |
| -- | Universidad Intercultural del Estado de Tabasco, |
| Fecha de publicación, distribución, etc. | 2012. |
| 300 ## - DESCRIPCIÓN FÍSICA | |
| Extensión | 216 p. |
| 490 ## - MENCIÓN DE SERIE | |
| Mención de serie | Constitución Política de los Estados Unidos Mexicanos en lenguas indígenas |
| Designación de volumen o secuencia | 14 |
| 500 ## - NOTA GENERAL | |
| Nota general | Glosario de términos jurídicos Ch'ol de Tabasco |
| 590 ## - NOTA LOCAL (RLIN) | |
| Nota local | E5765TAJ |
| Procedencia (VM) [OBSOLETO] | 05 |
| Condición del los carretes individuales (VM) [OBSOLETO] | 20190830 |
| -- | UCH01 |
| -- | 1024 |
| 650 14 - PUNTO DE ACCESO ADICIONAL DE MATERIA--TÉRMINO DE MATERIA | |
| Término de materia o nombre geográfico como elemento de entrada | Derecho constitucional |
| Subdivisión general | México. |
| 9 (RLIN) | 31886 |
| 650 14 - PUNTO DE ACCESO ADICIONAL DE MATERIA--TÉRMINO DE MATERIA | |
| Término de materia o nombre geográfico como elemento de entrada | México |
| Subdivisión general | Constitución. |
| 9 (RLIN) | 76735 |
| 700 1# - PUNTO DE ACCESO ADICIONAL--NOMBRE DE PERSONA | |
| Nombre de persona | Chablé Gerónimo, Nalyndesirette |
| Término indicativo de función/relación | coord. |
| 9 (RLIN) | 136745 |
| 700 1# - PUNTO DE ACCESO ADICIONAL--NOMBRE DE PERSONA | |
| Nombre de persona | Contreras Castillo, Ulises |
| Término indicativo de función/relación | coord. |
| 9 (RLIN) | 136746 |
| 700 1# - PUNTO DE ACCESO ADICIONAL--NOMBRE DE PERSONA | |
| Nombre de persona | Pérez Luciano, Pedro |
| Término indicativo de función/relación | coord. |
| 9 (RLIN) | 136744 |
| 830 #0 - PUNTO DE ACCESO ADICIONAL DE SERIE-TÍTULO UNIFORME | |
| Título uniforme | Constitución Política de los Estados Unidos Mexicanos en lenguas indígenas |
| Designación de volumen o secuencia | 14 |
| 9 (RLIN) | 136735 |
| 901 ## - ELEMENTOS DE DATOS A LOCAL LDA (RLIN) | |
| a | BK |
| 942 ## - ELEMENTOS DE PUNTO DE ACCESO ADICIONAL (KOHA) | |
| Tipo de ítem Koha | Libro |
| 942 ## - ELEMENTOS DE PUNTO DE ACCESO ADICIONAL (KOHA) | |
| Suprimir en OPAC | 0 |
| Estado de retiro | Estado de pérdida | Fuente del sistema de clasificación o colocación | Estado dañado | Restricciones de uso | No para préstamo | Código de colección | Localización permanente | Ubicación/localización actual | Ubicación en estantería | Fecha de adquisición | Información codificada de la localización en otra ubicación | Total de préstamos | Signatura topográfica completa | Código de barras | Fecha visto por última vez | Precio válido a partir de | Tipo de ítem Koha |
|---|---|---|---|---|---|---|---|---|---|---|---|---|---|---|---|---|---|
| Dewey Decimal Classification | Préstamo interno | Consulta | Biblioteca Central | Biblioteca Central | Planta alta - Coleción Consulta | 30/08/2019 | LIBRO | 342.72 M99 v.14 | 33724002558470 | 31/12/2019 | 30/08/2019 | Libro |
